| 000 | 00646nam a22002177a 4500 | ||
|---|---|---|---|
| 005 | 20230217164647.0 | ||
| 008 | 230217b |||||||| |||| 00| 0 eng d | ||
| 020 |
_a9783030206987 _cRs.4318.38 |
||
| 040 | _aLoreto College | ||
| 041 | _aEnglish | ||
| 082 |
_a330.071 _bHAL |
||
| 245 |
_aTeaching economics _bPerspectives on innovative economics education _cEdited by Joshua Hall and Kerianne Lawson |
||
| 260 |
_aCham _bSpringer _c2019 |
||
| 300 |
_ax,182p _b22cm |
||
| 650 | _aEconomics-Study and teaching | ||
| 650 | _aTeaching economics | ||
| 700 |
_4ed. _aHall,Joshua |
||
| 700 |
_4ed. _aLawson,Kerianne |
||
| 850 | _aLCBED | ||
| 942 | _cBK | ||
| 999 |
_c43176 _d93655 |
||